000 00710nam a22001937a 4500
005 20251108164315.0
008 250721s1989 xx 000 0 ara d
082 1 4 _a355.3432/هري
100 1 _aهرئيل، ايسر
245 1 0 _aمنجل في النجمة السداسية :
_bأضواء على أعمال التجسس السوفيتيته في إسرائيل /
264 1 _aعمان :
_bدار الجليل للنشر والدراسات والأبحاث الفلسطينية،
_c1989.
300 _a265ص
650 1 7 _aالمخابرات
650 1 7 _aروسيا الإتحادية
650 1 7 _aالجواسيس
700 1 _aعقيلي، بدر
_eترجمة
942 _2ddc
_cBK
999 _c8920
_d8920